La ideología juridica en la constitución del estado mexicano 1812-1824 (Record no. 152892)

MARC details
000 -LEADER
fixed length control field nam a22 7a 4500
005 - DATE AND TIME OF LATEST TRANSACTION
control field 20191111164302.0
008 - FIXED-LENGTH DATA ELEMENTS--GENERAL INFORMATION
fixed length control field 191111b mx ||||| |||| 00| 0 spa d
020 ## - INTERNATIONAL STANDARD BOOK NUMBER
International Standard Book Number 9688377724
050 04 - LIBRARY OF CONGRESS CALL NUMBER
Classification number KGF2919
Item number C37 1986
100 1# - MAIN ENTRY--PERSONAL NAME
Personal name Carrillo Prieto, Ignacio,
Relator term autor
245 13 - TITLE STATEMENT
Title La ideología juridica en la constitución del estado mexicano 1812-1824
Statement of responsibility, etc / Ignacio Carrillo Prieto.
250 ## - EDITION STATEMENT
Edition statement Primera edición
260 ## - PUBLICATION, DISTRIBUTION, ETC. (IMPRINT)
Place of publication, distribution, etc México :
Name of publisher, distributor, etc Universidad Nacional Autónoma de México,
Date of publication, distribution, etc 1986
300 ## - PHYSICAL DESCRIPTION
Extent 216 p. ;
Dimensions 23 cm.
504 ## - BIBLIOGRAPHY, ETC. NOTE
Bibliography, etc Bibliografía : p. 213-216
650 #7 - SUBJECT ADDED ENTRY--TOPICAL TERM
Source of heading or term lemb
Topical term or geographic name as entry element Historia constitucional
Geographic subdivision México
942 ## - ADDED ENTRY ELEMENTS (KOHA)
Source of classification or shelving scheme Biblioteca del Cogreso de los Estados Unidos
Koha item type Libro
Holdings
Estado de pérdida Fuente de clasificación Estado del daño No para préstamo Ubicación permanente Ubicación actual Apartado o colección Fecha de adquisición Edición Dependencia de educación superior (DES) Área del conocimiento Clasificación Código de Barras Date last seen Número de copia Costo por reposición Tipo de recurso Fuente de adquisición
  Biblioteca del Cogreso de los Estados Unidos     Biblioteca de la Facultad de Derecho y Ciencias Sociales "Felipe J. Tena" Biblioteca de la Facultad de Derecho y Ciencias Sociales "Felipe J. Tena" General 13/06/2022 1a ed.   Ciencias Sociales y Administrativas KGF2919 C37 r1986 BFD000013574 13/06/2022 C:1 1.00 Libro Unidad Académica
  Biblioteca del Cogreso de los Estados Unidos     Biblioteca de la Facultad de Derecho y Ciencias Sociales "Felipe J. Tena" Biblioteca de la Facultad de Derecho y Ciencias Sociales "Felipe J. Tena" General 13/06/2022 1a ed.   Ciencias Sociales y Administrativas KGF2919 C37 r1986 BFD000013575 13/06/2022 C:1 1.00 Libro Unidad Académica
  Biblioteca del Cogreso de los Estados Unidos     Biblioteca de la Facultad de Derecho y Ciencias Sociales "Felipe J. Tena" Biblioteca de la Facultad de Derecho y Ciencias Sociales "Felipe J. Tena" General 13/06/2022 1a ed.   Ciencias Sociales y Administrativas KGF2919 C37 r1986 BFD000013576 13/06/2022 C:1 1.00 Libro Unidad Académica
  Biblioteca del Cogreso de los Estados Unidos     Biblioteca del Posgrado en Derecho Biblioteca del Posgrado en Derecho General 11/11/2019 1a ed. Derecho Ciencias Sociales y Administrativas KGF2919 C37 r1986 BPD000001406 11/11/2019 1 1.00 Libro  
  Biblioteca del Cogreso de los Estados Unidos     Biblioteca del Posgrado en Derecho Biblioteca del Posgrado en Derecho General 11/11/2019 1a ed. Derecho Ciencias Sociales y Administrativas KGF2919 C37 r1986 BPD000001407 11/11/2019 2 1.00 Libro